00257nam a2200085Ia 4500008004100000100002500041245006000066260003600126260000900162170620s9999 xx 000 0 und d aGupta- S. P. (Hindi) 0aBhartiya shiksha ka itihas vikas evam samasyain (Hindi) bAllahabad- Sharda Pustak Bhawan c2004